Nuevas teorías en la filosofía política : republicanismo, liberalismo y comunitarismo /

Uloženo v:
Podrobná bibliografie
Hlavní autor: Uscanga Barradas, Abril (autor)
Další autoři: García Amado, Juan Antonio (prólogo) (prólogo)
Médium: Kniha
Jazyk:španělština
Vydáno: México : Tirant Lo Blanch, 2016, c2016
Témata:
Tagy: Přidat tag
Žádné tagy, Buďte první, kdo vytvoří štítek k tomuto záznamu!

MARC

LEADER 00000nam^a2200000^a^4500
001 000385054
005 20250521000000.0
009 20260310120921.781
020 |a 978-84-9119-868-0 
037 |a Acervo Xavier Clavigero 
041 |a ESP 
082 |a 320. 01  |b USC 
100 |a Uscanga Barradas, Abril  |e (autor) 
245 1 0 |a Nuevas teorías en la filosofía política :  |b republicanismo, liberalismo y comunitarismo /  |c A. Uscanga Barradas ; pról. de J.A. García Amado. 
264 4 |a México :  |b Tirant Lo Blanch,  |c 2016, c2016 
300 |a 124 p. 
336 |a texto  |b txt  |2 rdacontenido 
337 |a sin mediación  |b n  |2 rdamedio 
338 |a volumen  |b nc  |2 rdasoporte 
649 |a XX 
650 |a Liberalismo 
650 |a Comunitarismo 
650 |a Republicanismo 
650 |a Ideología -  |x Tema Principal 
650 |a Filosofía Política 
650 |a Política -  |x Teoría 
700 |a García Amado, Juan Antonio  |e (prólogo) 
910 |a Fondo General 
920 |a Impresos - Libros 
930 |a Colección General 
905 |a 101 
901 |a 0500279299  |b IT1  |c ACC  |i FXC D2803  |u 20250521 
902 |a https://opac.biblio.iteso.mx/vufind/Record/000385054